| 000 | 00807na a2200265 4500 | ||
|---|---|---|---|
| 001 | 18181 | ||
| 003 | MIRAKIL | ||
| 005 | 20181213155022.0 | ||
| 008 | 161114b tu 000 0 | ||
| 020 | _a9786050904239 | ||
| 035 | _a18181 | ||
| 040 |
_aMilas _btur _cTR-AnCHP |
||
| 041 | _atur | ||
| 082 |
_a321.8561 _bK24 2011 |
||
| 090 | _a321.8561043 K24 2011 | ||
| 100 | _aKaleağzı, Bahadır | ||
| 245 |
_aG20 gezegeni _bdünya,Avrupa, demokrasi, iletişim çağı, Türkiye _cBahadır Kaleağzı |
||
| 246 | _aDünya,Avrupa, demokrasi, iletişim çağı, Türkiye | ||
| 260 |
_aİstanbul _bDoğan Egmont Yayıncılık _c2011 |
||
| 300 |
_a306 s. _bres. _c24 sm. |
||
| 500 | _aYapıt yazarından imzalıdır. | ||
| 650 |
_aDemokrasi _zAvrupa |
||
| 650 |
_aDemokrasi _zTürkiye |
||
| 942 |
_2ddc _cBKS |
||
| 999 |
_c4931 _d4931 |
||